00345nam a2200145Ia 45000030006000000080041000060400015000471000015000622450027000772500006001042600052001103000006001625460014001680050017001820STCL150530s9999 xx 000 0 und d aSTCLcSTCL aMaupassant aOru Vivahamochana Case a1 bSahithya Pravarthaka Co Operative Societyc1961 a0 aMalayalam20220125171651.0